| 000 | 01158nam2a22002411 4500 | ||
|---|---|---|---|
| 001 | rc\3188424 | ||
| 005 | 20250530100004.0 | ||
| 035 | _a(NLR Aleph) 007350291 | ||
| 090 |
_a6201801 _c6201801 |
||
| 100 | _a20120628d1975 |||y0rusy50 ca | ||
| 101 | 0 | _arus | |
| 102 | _aRU | ||
| 105 | _aa z ||||| | ||
| 200 | 0 |
_aЧ. 1 _f[Сост. А.В. Кооп и др.] |
|
| 210 |
_d1975 _aБ. м. |
||
| 215 |
_a272 с. _cил. |
||
| 461 | 0 |
_1001rc\3188423 _12001#$aВысшая школа и социально-профессиональная ориентация учащейся молодежи$e[Сб. статей]$fТарт. гос. ун-т, Ин-т истории АН ЭССР$g[Редкол.: А. Сукамяги (пред.) и др.]$vЧ. 1 _96201793 _cТарту _d1975 _fТарт. гос. ун-т, Ин-т истории АН ЭССР _nТГУ _o[Сб. статей] _tВысшая школа и социально-профессиональная ориентация учащейся молодежи _vЧ. 1 |
|
| 702 | 1 |
_aКооп _bА.В. _4220 |
|
| 801 | 0 |
_aRU _bNLR _gpsbo |
|
| 801 | 1 |
_aRU _bELAR _2rusmarc |
|
| 852 |
_aNLR _j76-3/2907 |
||
| 942 | _cBOOK | ||
| 980 | _aNB | ||